Catalog

Record Details

Catalog Search



Sny o růžích a ohni  Cover Image Book Book

Sny o růžích a ohni / Eyvind Johnson ; Ze švéd. přel. a doslovem opatřil František Fröhlich

Record details

  • Physical Description: 335 s. ; 21 cm
  • Edition: 1. vyd.
  • Publisher: Praha : Odeon, 1982

Content descriptions

General Note:
Orig.: Drömmar om rosor och eld
Obálka a vazba Jan Jiskra
55000 výt.

Available copies

  • 1 of 1 copy available at Common Catalog SPOK.

Holds

  • 0 current holds with 1 total copy.
Show Only Available Copies
Location Call Number / Copy Notes Barcode Shelving Location Status Due Date
KDS Library 810 JoE 204576800644 Library Available -

LDR 01076nam a22003131 4500
00120296
003CZ-PrJAB
00520150707091215.0
008961010s1982 xr cze
015 . ‡acnb000121943
035 . ‡a(CZ PrNK)bk198205855
035 . ‡a(OCoLC)42186196
040 . ‡aABA001 ‡bcze ‡cABA001 ‡dABA001
0411 . ‡acze ‡hswe
080 . ‡a839.7-31 ‡2undef
1001 . ‡aJohnson, Eyvind, ‡d1900-1976 ‡7jn20000603236 ‡4aut
24510. ‡aSny o růžích a ohni / ‡cEyvind Johnson ; Ze švéd. přel. a doslovem opatřil František Fröhlich
250 . ‡a1. vyd.
260 . ‡aPraha : ‡bOdeon, ‡c1982 ‡e(Čes. Těšín : ‡fTisk 3)
300 . ‡a335 s. ; ‡c21 cm
4901 . ‡aKlub čtenářů ; ‡vSv. 489
500 . ‡aOrig.: Drömmar om rosor och eld
500 . ‡aObálka a vazba Jan Jiskra
500 . ‡a55000 výt.
7001 . ‡aFröhlich, František, ‡d1934-2014 ‡7jk01032000 ‡4aut
830 0. ‡aKlub čtenářů
910 . ‡aABE463
964 . ‡aJezuité - Francie - stol. 17., 1. pol. - romány historické
964 . ‡aFrancie - stol. 17., 1. pol. - romány historické
998 . ‡a000121943
901 . ‡a20296 ‡b ‡c20296 ‡tbiblio

Additional Resources